| 000 | 01285cam a2200313 i 4500 | ||
|---|---|---|---|
| 001 | 20463229 | ||
| 005 | 20230718095249.0 | ||
| 008 | 180420s2019 enka 001 0 eng | ||
| 010 | _a 2018942038 | ||
| 020 | _a9780128152775 | ||
| 040 |
_aDLC _beng _erda _cDLC |
||
| 042 | _apcc | ||
| 050 | 0 | 0 | _aTX 556.M53 2019 |
| 100 | 1 |
_aLonergan, Steven Michael, _eauthor. |
|
| 245 | 1 | 4 |
_aThe science of animal growth and meat technology / _cSteven M. Lonergan, David G. Topel, Dennis N. Marple, Iowa State University. |
| 250 | _aSecond edition. | ||
| 300 |
_axix, 280 pages : _billustrations ; _c24 cm |
||
| 500 | _aRevised edition of: The Science of Animal Growth & Meat Technology / David G. Topel, Dennis N. Marple, Steven M. Lonergan, F.C. Parrish Jr. 2013. | ||
| 500 | _aIncludes index. | ||
| 650 | 0 |
_aMeat _vTextbooks. |
|
| 650 | 0 |
_aMeat _xQuality _vTextbooks. |
|
| 650 | 0 |
_aMeat _xResearch _vTextbooks. |
|
| 650 | 0 |
_aMeat industry and trade _vTextbooks. |
|
| 700 | 1 |
_aTopel, David G., _eauthor. |
|
| 700 | 1 |
_aMarple, Dennis Neil, _d1945- _eauthor. |
|
| 906 |
_a7 _bcbc _corignew _d2 _eepcn _f20 _gy-gencatlg |
||
| 942 |
_2lcc _cBOOKS _hTX 556 .M53 2019 |
||
| 999 |
_c31708 _d31708 |
||